00348nam a2200121Ia 4500003000400000008004100004020002500045040000800070100001800078245008000096260004000176300001000216LDD181101s9999 xx 000 0 und d a9788175879416c71.00 cLDD aAnjum, Khaliq 0aKitabnuma ka khasusi shumarabprof. nisar ahmad faroqi numbercKhaliq Anjum aNew DelhibMaktaba Jamia Ltd.c2013 a104p.